The Orion book of volcanoes /

Bibliographic Details
Main Author: Tazieff, Haroun, 1914-1998
Format: Book
Language:English
French
Published: New York : Orion Press, [1961]
Subjects:

MARC

Tag First Indicator Second Indicator Subfields
LEADER 00000cam a2200000 4500
001 in00000052600
005 20151007072143.0
008 750710s1961 nyua 00000 eng u
010 |a  61014188  
035 |a (OCoLC)01439993 
035 |9 AAE7333AM 
040 |c ORL  |d TXA  |d UtOrBLW 
041 1 |a eng  |a fre 
049 |a TXAM  |c [343769] 
050 0 |a QE522  |b .T423 
082 0 |a 551.21 
092 |a 551.21  |b T248o, 1961 
100 1 |a Tazieff, Haroun,  |d 1914-1998. 
245 1 4 |a The Orion book of volcanoes /  |c [Translated from the French, Les volcans, by Arthur Tannenbaum]. 
264 1 |a New York :  |b Orion Press,  |c [1961] 
300 |a 103 pages :  |b illustrations (part color) ;  |c 20 x 22 cm. 
336 |a text  |b txt  |2 rdacontent 
337 |a unmediated  |b n  |2 rdamedia 
338 |a volume  |b nc  |2 rdacarrier 
650 0 |a Volcanoes. 
999 |a MARS 
999 f f |s 499991a4-1d89-37f5-be32-30da15463e5d  |i 13946cab-6ca7-3f41-a658-4c3f3b34faed  |t 0 
952 f f |p ric  |a Texas A&M University  |b Rellis Campus  |c Joint Library Facility  |d Remote Storage  |t 0  |e QE522 .T423  |h Library of Congress classification  |i unmediated -- volume  |m A14800950838 
998 f f |a QE522 .T423  |t 0  |l Remote Storage